Responses for Show #4308 - Wednesday, April 30, 2003

2003 Celebrity Jeopardy! game 3.

Contestants

[<< previous game]

Will Estes, an actor from American Dreams

Linda Park, an actress from Star Trek: Enterprise

Brad Paisley, a country music singer from the album Mud on the Tires

[next game >>]

Jeopardy! Round responses

BRAIN SURGERY FOR DUMMIES
AGENTS & MANAGERS
AMERICAN DREAMS
BOTTLED WATER
READY FOR YOUR NUDE SCENE?
CATS ALL, FOLKS
    $200 9
shaving the head

Linda
    $200 1
(Brad: What is the American Baseball League?)

National Hockey League

Brad
Triple Stumper
    $200 2
Dr. Martin Luther King, Jr.

Brad
    $200 4
Titanic

Will
    $200 20
(Linda: What is a Cheshire?)
....
(Alex: With a minute to go.)

tiger

BradLinda
    $400 15
saw

Brad
    $400 16
New York Yankees

Will
    $400 5
liberty

Will
    $400 3
Perrier

Linda
    $400 19
Weight Watchers

Brad
    $400 11
curiosity

Brad
    $600 17
Jerry Maguire

Linda
    $600 6
happiness

Will
    $600 10
Gatorade

Brad
    $600 21
closed set

Will
    $600 12
Tom

Linda
    $800 24
(Brad: What is at the rear?)
(Alex: Oh no!!)
[The end-of-round signal sounds.]

through the nose

Brad
Triple Stumper
    $800 7
John F. Kennedy

Will
    $800 18
(Linda: What is Crystal Geyser Stream?)

Arrowhead

Linda
    $800 22
Cleopatra

Brad
    $800 13
claws

Will
    $1000 8
speech

Brad
    $1000 23
Eyes Wide Shut

Linda
    $1000 14
England

Linda

Scores at the first commercial break (after clue 15):

Brad Linda Will
$2,400 $2,200 $2,800

Scores at the end of the Jeopardy! Round:

Brad Linda Will
$3,000 $2,800 $3,800

Double Jeopardy! Round responses

AN "F" IN HISTORY
GOING COUNTRY
21st CENTURY MOVIES
THE SHAKESPEARE PLAY'S THE THING
STAR TRACK
WHO DOES HE THINK HE IS?
    $400 18
Ford

Will
    $400 27
[The end-of-round signal sounds.]

Vietnam

Brad
    $400 6
reverse/backwards

Linda
    $400 1
Othello

Linda
    $400 24
Sarah Jessica Parker

Linda
    $400 16
Robin Hood

Will
    $800 10
Ben Franklin

Brad
    $800 7
Tears of the Sun

Triple Stumper
    $800 2
Richard III

Triple Stumper
    $800 12
(Linda: What is Czecholslovakia?)

Sweden (Ingrid Bergman)

Linda
Triple Stumper
    $800 13
Zorro

Will
    $1200 11
Florence (Nightingale)

Triple Stumper
    $1200 9
Cuba

Brad
    $1200 8
Jodie Foster

Brad
    $1200 3
Yorick

Triple Stumper
    $1200 23
Russell Crowe

Linda
    $1200 14
William Tell

Will
    $1600 19
(Sigmund) Freud

Will
    $1600 21
Gosford Park

Linda
    $1600 4
Portia

Triple Stumper
    $1,000 25
(Linda: What is Gone with the Wind?)
...
(Alex: We were going for the role, and we have about a minute to go in the round.)

Scarlett O'Hara

Linda
    $1600 15
Marie Antoinette

Triple Stumper
    $2000 20
Ferdinand

Linda
    $2000 22
(Will: What is "Photoshop?")

One Hour Photo

BradWill
    $2000 5
Oberon

Linda
    $2000 26
Powell

Triple Stumper
    $2000 17
Edgar Allan Poe

Will

Scores at the end of the Double Jeopardy! Round:

Brad Linda Will
$8,600 $9,000 $8,200

[wagering suggestions for these scores]

Final Jeopardy! Round responses

FAMILIAR PHRASES
WillWhat is Cut to the Chase?
$8,200
BradWhat is Cut to the Chase?
$4,000
LindaWhat is Keep It Short
$6,000
cut to the chase

Final scores:

Brad Linda Will
$12,600 $3,000 $16,400
2nd place: $20,000 for The Michael J. Fox Foundation 3rd place: $20,000 for the Elizabeth Glaser Pediatric AIDS Foundation and UNICEF Winner: $50,000 for New Leash on Life and CARE

Game dynamics:

Coryat scores:

Brad Linda Will
$8,600 $10,800 $8,200
13 R,
2 W
13 R,
4 W
(including 2 DDs)
13 R,
1 W

Combined Coryat: $27,600

[game clues] [game scores] [suggest correction]

Game tape date: 2003-04-13
The J! Archive is created by fans, for fans. Scraping, republication, monetization, and malicious use prohibited; this site may use cookies and collect identifying information. See terms. The Jeopardy! game show and all elements thereof, including but not limited to copyright and trademark thereto, are the property of Jeopardy Productions, Inc. and are protected under law. This website is not affiliated with, sponsored by, or operated by Jeopardy Productions, Inc. Join the discussion at JBoard.tv.